000 00912cas a22002897a 4500
005 20220329142046.0
008 990517d1856 fr p rnn u1b1fre d
010 _a77790
011 _a78762
035 _a88827
245 0 0 _aL'Annee Scientifique et Industrielle
260 0 _aParís, Francia :
_bLibrairie Hachette et Cie,
_c1875
300 _av.
310 _aAnual
362 _av.18, 1874
500 _aSe canceló a partir del v.18, 1874
590 _aBATCH-UPD
_b10
_c20130110
_lUCH01
_h0639
590 _aBATCH-UPD
_b10
_c20130410
_lUCH01
_h0323
590 _aBATCH-UPD
_b10
_c20130914
_lUCH01
_h0934
590 _aCONVERSION
_b10
_c20130109
_lUCH01
_h1343
650 1 4 _aCiencia
_xPublicaciones periódicas.
_923133
650 1 4 _aIndustria
_xPublicaciones periódicas.
_957761
866 _av.1 (1856)
866 _av.3-18 (1859-1874)
901 _aSE
905 _aMa. del Socorro Iturbe C.
999 _c77790
_d77790